| 000 | 00587cam a22001691 4500 | ||
|---|---|---|---|
| 082 |
_a624.03 _bSCO _cL-38, P-96 |
||
| 100 | 1 |
_aScott, John S., _936851 |
|
| 245 | 1 | 2 |
_aA dictionary of civil engineering _c[by] John S. Scott. Illustrated by Clifford Bayliss. |
| 250 | _a[2d ed., rev. | ||
| 260 |
_aHarmondsworth, Eng.] _bPenguin Books _c[1965, c1958] |
||
| 300 |
_a347 p. _billus. _c19 cm. |
||
| 500 | _a"Cross-referenced to [the author's] A dictionary of building." | ||
| 526 |
_a0 _b0 _c0 _d624_030000000000000_SCO |
||
| 650 | 0 | _aCivil engineering | |
| 650 | 0 |
_aMCE _9379 |
|
| 942 |
_2ddc _cBK |
||
| 999 |
_c546275 _d546275 |
||